[Event "Detroit (WCO/3/3)"]
[Site "?"]
[Date "1995.??.??"]
[Round "?"]
[White "Aldrich, Jeff"]
[Black "McNeil, Yaking"]
[Result "0-1"]
[WhiteElo "1900"]
[BlackElo "1605"]
[PlyCount "120"]
[EventDate "1995.??.??"]

{3/(3)} 1. d4 c5 2. d5 Nf6 3. c4 e5 4. Nc3 d6 5. e4 Be7 6. Nf3 O-O 7. Be2 Nbd7
8. O-O Nb8 9. a3 Ne8 10. b4 b6 11. Qc2 f5 12. exf5 Bxf5 13. Bd3 Bxd3 14. Qxd3
a5 15. bxc5 bxc5 16. Ne4 Nd7 17. Neg5 Nef6 18. Ne6 Qe8 19. Nxf8 e4 20. Qe3 exf3
21. Nxd7 fxg2 22. Re1 Qxd7 23. Qxe7 Re8 24. Qxe8+ Nxe8 25. Bb2 Nf6 26. Re6 Qa4
27. Rae1 Qxc4 28. Rxd6 Nxd5 29. Rd7 Ne3 30. Rxg7+ Kf8 31. fxe3 Qb3 32. Rxg2 c4
33. Rc1 Qxe3+ 34. Kh1 c3 35. Ba1 Qxc1+ 36. Rg1 Qxa3 37. Rf1+ Ke7 38. Kg2 Qa2+
39. Kg3 c2 40. Bf6+ Ke6 41. Bg5 Qb1 42. Rc1 a4 43. Kf2 a3 44. Re1+ Qxe1+ 45.
Kxe1 a2 46. Kd2 c1=Q+ 47. Kxc1 a1=Q+ 48. Kc2 Qa2+ 49. Kd3 Qxh2 50. Be3 Kf5 51.
Kd4 h5 52. Kd3 h4 53. Bd2 h3 54. Kc2 Qxd2+ 55. Kxd2 h2 56. Ke2 h1=Q 57. Kf2 Qe4
58. Kg3 Kg5 59. Kf2 Kg4 60. Kg1 Qe2 0-1

[Event "Grand Rapids (MI Am/2/3)"]
[Site "?"]
[Date "1995.??.??"]
[Round "?"]
[White "Aldrich, Jeff"]
[Black "McNeil, Yaking"]
[Result "0-1"]
[WhiteElo "1935"]
[BlackElo "1605"]
[PlyCount "128"]
[EventDate "1995.??.??"]

{2/(3)} 1. d4 c5 2. d5 Nf6 3. c4 e5 4. Nc3 d6 5. e4 Be7 6. Bg5 Nxe4 7. Nxe4
Bxg5 8. Qa4+ Kf8 9. Nf3 Bd7 10. Qb3 Bh6 11. Nxd6 Qc7 12. Nxb7 Bc8 13. d6 Qxb7
14. Qxb7 Bxb7 15. Nxe5 Ke8 16. Rd1 Nd7 17. Ng4 Bf4 18. f3 h5 19. Nf2 Kd8 20.
Nh3 Re8+ 21. Kf2 Be5 22. Ng5 Bd4+ 23. Kg3 Ne5 24. b4 f6 25. bxc5 Bxc5 26. Rb1
Bc8 27. Ne4 h4+ 28. Kxh4 g5+ 29. Kg3 Be3 30. c5 f5 31. h3 fxe4 32. Bb5 Bf4+ 33.
Kf2 e3+ 34. Ke2 Bd7 35. Bxd7 Nxd7 36. c6 Nb6 37. Rhd1 Re6 38. Rb5 Rc8 39. g3
Bxd6 40. Rxg5 Rxc6 41. Rg8+ Kc7 42. Rg7+ Kb8 43. f4 Rc2+ 44. Kd3 Rxa2 45. f5 e2
46. Re1 Rh6 47. h4 Bxg3 48. Rxg3 Ra3+ 49. Kxe2 Rxg3 50. Rf1 Rxh4 51. f6 Rh8 52.
Kf2 Rg6 53. Ke3 Rf8 54. f7 Rg7 55. Kd4 Rgxf7 56. Rb1 Re8 57. Kc5 Rd8 58. Kb5
Rc8 59. Ka6 Rb7 60. Rf1 Nd7 61. Rf4 Rc1 62. Ka5 Ra1+ 63. Ra4 Rxa4+ 64. Kxa4 Kc7
0-1

[Event "East Lansing (MI Op/7/25)"]
[Site "?"]
[Date "1995.??.??"]
[Round "?"]
[White "Aldrich, Jeff"]
[Black "McCarter, Robert"]
[Result "1/2-1/2"]
[WhiteElo "1925"]
[BlackElo "1725"]
[PlyCount "47"]
[EventDate "1995.??.??"]

{7/(25)} 1. d4 Nf6 2. c4 e6 3. Nc3 Bb4 4. Qc2 O-O 5. Nf3 c5 6. dxc5 Na6 7. a3
Bxc3+ 8. Qxc3 Nxc5 9. b4 Nce4 10. Qc2 b6 11. e3 Bb7 12. Bd3 d5 13. cxd5 Rc8 14.
Qb2 Qxd5 15. Bxe4 Nxe4 16. O-O Ng5 17. e4 Nxf3+ 18. gxf3 Qh5 19. Qe2 e5 20. Kh1
f5 21. Rg1 fxe4 22. Rg5 Qxf3+ 23. Qxf3 Rxf3 24. Be3 1/2-1/2

[Event "Detroit (MI Action/6/4)"]
[Site "?"]
[Date "1995.??.??"]
[Round "?"]
[White "Aldrich, Jeff"]
[Black "Martell, Raul"]
[Result "1-0"]
[WhiteElo "1915"]
[BlackElo "1605"]
[PlyCount "57"]
[EventDate "1995.??.??"]

{6/(4)} 1. d4 d5 2. c4 Nf6 3. Nc3 Nc6 4. Nf3 Bf5 5. e3 e6 6. a3 a6 7. Qa4 Qd7
8. cxd5 exd5 9. Bb5 Bd6 10. b4 O-O 11. Bxc6 bxc6 12. O-O Bd3 13. Rd1 Bb5 14.
Qc2 a5 15. bxa5 Rxa5 16. Bb2 Rfa8 17. Ne5 Bxe5 18. dxe5 Ne4 19. Nxe4 Ba4 20.
Qc3 Bxd1 21. e6 d4 22. exd7 dxc3 23. Rxd1 Rd8 24. Bxc3 Rxa3 25. g3 Rb3 26. Be5
Rb7 27. Nc5 Ra7 28. Rd4 Kf8 29. Re4 1-0

[Event "Detroit (MI Action/2/5)"]
[Site "?"]
[Date "1995.??.??"]
[Round "?"]
[White "Aldrich, Jeff"]
[Black "Mahabir, Jagdesh"]
[Result "1-0"]
[WhiteElo "1915"]
[BlackElo "1605"]
[PlyCount "81"]
[EventDate "1995.??.??"]

{2/(5)} 1. d4 d6 2. c4 Nf6 3. Nc3 g6 4. e4 Bg7 5. Be2 O-O 6. f4 e6 7. Nf3 c5 8.
e5 dxe5 9. dxe5 Qxd1+ 10. Bxd1 Nfd7 11. O-O Nc6 12. Ne4 b6 13. Ba4 Nb4 14. Rd1
Rd8 15. a3 Na6 16. Bc6 Rb8 17. Be3 Bb7 18. Bxb7 Rxb7 19. Nd6 Rbb8 20. Ng5 f6
21. Nxe6 fxe5 22. Nxd8 Rxd8 23. Nb5 exf4 24. Bxf4 Bxb2 25. Rab1 Bg7 26. Bg5 Rf8
27. Rxd7 Rf5 28. h4 Be5 29. Bh6 Nb8 30. Rd8+ Kf7 31. Rbd1 a6 32. Nd6+ Bxd6 33.
R1xd6 a5 34. Rxb8 Ke7 35. Rdxb6 Kd7 36. R8b7+ Kc8 37. Rxh7 Re5 38. Bf4 Re7 39.
Rxe7 Kd8 40. Rh7 g5 41. Rb8# 1-0

[Event "Troy (US Am N/5/19)"]
[Site "?"]
[Date "1995.??.??"]
[Round "?"]
[White "Aldrich, Jeff"]
[Black "Kane, Paul"]
[Result "1-0"]
[WhiteElo "1900"]
[BlackElo "1605"]
[PlyCount "49"]
[EventDate "1995.??.??"]

{5/(19)} 1. d4 Nf6 2. c4 e6 3. Nc3 d5 4. Bg5 Be7 5. Nf3 c6 6. e3 Nbd7 7. Qc2
O-O 8. Bd3 Re8 9. Rc1 dxc4 10. Bxc4 Nd5 11. h4 Nxc3 12. bxc3 b6 13. Bd3 Nf8 14.
Ne5 g6 15. Nxc6 Qc7 16. Nxe7+ Rxe7 17. Bxe7 Qxe7 18. Be4 Rb8 19. h5 Nd7 20.
hxg6 fxg6 21. Bxg6 hxg6 22. Qxg6+ Qg7 23. Qxe6+ Kf8 24. Rh4 Nc5 25. Rf4+ 1-0

[Event "Detroit (MI Team/4/4/1)"]
[Site "?"]
[Date "1995.??.??"]
[Round "?"]
[White "Aldrich, Jeff"]
[Black "Jenkins, C."]
[Result "1-0"]
[WhiteElo "1935"]
[BlackElo "1605"]
[PlyCount "81"]
[EventDate "1995.??.??"]

{4/4} 1. d4 d5 2. c4 Nf6 3. Nc3 Nc6 4. Nf3 dxc4 5. e3 Be6 6. Ng5 Qd6 7. Nxe6
Qxe6 8. d5 Qd7 9. dxc6 Qxc6 10. Qa4 Qxa4 11. Nxa4 e5 12. Bxc4 Bb4+ 13. Bd2
Bxd2+ 14. Kxd2 Rd8+ 15. Ke2 O-O 16. Rad1 Ng4 17. h3 Nf6 18. Nc3 e4 19. Nd5 Nxd5
20. Bxd5 Rfe8 21. Bxe4 g6 22. Bf3 Kg7 23. Rxd8 Rxd8 24. Rd1 Rb8 25. Rd7 Rc8 26.
Bxb7 Rb8 27. Rxc7 a6 28. b3 a5 29. Bd5 Rf8 30. Ra7 Kh6 31. Rxa5 Rc8 32. Bc4 f5
33. Rb5 Ra8 34. a4 Re8 35. a5 Re4 36. a6 Kh5 37. a7 Kg5 38. a8=Q h5 39. Qd8+
Kh6 40. h4 Rxc4 41. Qh8# 1-0

[Event "East Lansing (Class A/4/7)"]
[Site "?"]
[Date "1995.??.??"]
[Round "?"]
[White "Aldrich, Jeff"]
[Black "Gipson, John"]
[Result "0-1"]
[WhiteElo "1915"]
[BlackElo "1885"]
[PlyCount "97"]
[EventDate "1995.??.??"]

{4/(7)} 1. d4 d5 2. c4 e6 3. Nc3 Nf6 4. Bg5 Be7 5. Nf3 Nbd7 6. e3 c6 7. a3 O-O
8. Qc2 Re8 9. Rc1 dxc4 10. Bxc4 b5 11. Bd3 Bb7 12. O-O a6 13. Ne4 h6 14. Bf4
Nxe4 15. Bxe4 Rc8 16. Ne5 Nxe5 17. Bxe5 Bd6 18. Bxd6 Qxd6 19. Qc5 Qxc5 20. Rxc5
Red8 21. Rfc1 Rd6 22. Kf1 Kf8 23. a4 Ke7 24. h4 f5 25. Bf3 g6 26. Ke2 Kd7 27.
a5 Kc7 28. Kd3 Rcd8 29. Re5 Rf8 30. Rcc5 Rf7 31. Kc3 Kd7 32. g3 g5 33. hxg5
hxg5 34. Bh5 Rf8 35. g4 Rd5 36. f3 Rf6 37. Kd3 Kd6 38. b4 Kd7 39. e4 Rxc5 40.
Rxc5 fxg4 41. Bxg4 Rg6 42. Re5 Kd6 43. Ke3 Bc8 44. Rc5 Bd7 45. e5+ Ke7 46. f4
gxf4+ 47. Kxf4 Rh6 48. Bf3 Rh2 49. Bxc6 $138 0-1

[Event "Troy (US Am N/1/23)"]
[Site "?"]
[Date "1995.??.??"]
[Round "?"]
[White "Aldrich, Jeff"]
[Black "Gentry, Bronson"]
[Result "1-0"]
[WhiteElo "1900"]
[BlackElo "1605"]
[PlyCount "85"]
[EventDate "1995.??.??"]

{1/(23)} 1. d4 c5 2. d5 Nf6 3. c4 d6 4. Nc3 g6 5. e4 Nbd7 6. Bg5 Bg7 7. f3 Ne5
8. Qd2 h6 9. Be3 Bd7 10. Be2 a6 11. h4 Rb8 12. a4 Qa5 13. Nh3 b5 14. cxb5 axb5
15. Nxb5 Qxd2+ 16. Bxd2 O-O 17. Bc3 Bxh3 18. Rxh3 Nh5 19. g3 f5 20. g4 fxg4 21.
fxg4 Nf4 22. Rg3 Rf7 23. Na7 Rbf8 24. Nc6 Ned3+ 25. Rxd3 Nxd3+ 26. Bxd3 Bxc3+
27. bxc3 Rf3 28. O-O-O Ra8 29. a5 Kf7 30. Rf1 Rxf1+ 31. Bxf1 e6 32. a6 exd5 33.
exd5 Kf6 34. a7 Re8 35. Ba6 h5 36. gxh5 gxh5 37. Bb7 Kf5 38. a8=Q Rxa8 39. Bxa8
Kg4 40. Ne7 Kxh4 41. Nf5+ Kg4 42. Nxd6 h4 43. Nf7 1-0

[Event "Troy (US Am N/3/3)"]
[Site "?"]
[Date "1995.??.??"]
[Round "?"]
[White "Aldrich, Jeff"]
[Black "Fuller, William"]
[Result "0-1"]
[WhiteElo "1900"]
[BlackElo "2100"]
[PlyCount "48"]
[EventDate "1995.??.??"]

{3/(3)} 1. d4 Nf6 2. c4 e6 3. Nc3 Bb4 4. Qc2 c5 5. Nf3 Nc6 6. dxc5 O-O 7. a3
Bxc3+ 8. Qxc3 Ne4 9. Qc2 f5 10. b4 a5 11. b5 Ne7 12. Bb2 Qc7 13. e3 Ng6 14. Bd3
Nxc5 15. O-O b6 16. Rfd1 Bb7 17. Be2 d6 18. a4 e5 19. Nd2 Qe7 20. Nb3 Qg5 21.
Bf1 Nxb3 22. Qxb3 Bxg2 23. f4 exf4 24. c5+ Bd5+ 0-1

[Event "East Lansing (Class A/5/8)"]
[Site "?"]
[Date "1995.??.??"]
[Round "?"]
[White "Aldrich, Jeff"]
[Black "Ford, William"]
[Result "1-0"]
[WhiteElo "1915"]
[BlackElo "1820"]
[PlyCount "47"]
[EventDate "1995.??.??"]

{5/(8)} 1. d4 Nf6 2. c4 g6 3. Nc3 Bg7 4. e4 d6 5. Be2 O-O 6. f4 c6 7. Nf3 Bg4
8. O-O Nbd7 9. e5 Ne8 10. Ne4 d5 11. Nf2 Bxf3 12. Bxf3 e6 13. b3 Nc7 14. Ba3
Re8 15. Nh3 Bf8 16. Bd6 Na6 17. c5 b6 18. Qe2 Qc8 19. g4 bxc5 20. Bxf8 Nxf8 21.
f5 cxd4 22. f6 h6 23. Qd2 Kh7 24. Ng5+ 1-0

[Event "Ann Arbor (HVA/1/6)"]
[Site "?"]
[Date "1995.??.??"]
[Round "?"]
[White "Aldrich, Jeff"]
[Black "Dolin, Jack"]
[Result "1-0"]
[WhiteElo "1900"]
[BlackElo "1605"]
[PlyCount "71"]
[EventDate "1995.??.??"]

{1/(6)} 1. d4 d5 2. c4 e6 3. Nc3 Nf6 4. Bg5 Be7 5. Nf3 Nbd7 6. e3 O-O 7. Bd3 c6
8. Qc2 h6 9. h4 dxc4 10. Bxc4 hxg5 11. hxg5 g6 12. Bxe6 Kg7 13. Nh4 Rh8 14.
Bxf7 Nf8 15. Bb3 Nd5 16. Ne4 Bxg5 17. Nxg5 Qxg5 18. Qe4 Bg4 19. g3 Nd7 20. f4
Qf6 21. Bxd5 Rae8 22. Qd3 cxd5 23. Kd2 g5 24. Ng2 Bf3 25. Rxh8 Rxh8 26. fxg5
Qxg5 27. Nh4 Be4 28. Qb5 Nb6 29. Rc1 Nc4+ 30. Rxc4 Qxg3 31. Qxb7+ Kf6 32. Rc6+
Kg5 33. Qg7+ Kxh4 34. Qxh8+ Kg5 35. Qg7+ Kh4 36. Rh6# 1-0

[Event "East Lansing (Class A/2/4)"]
[Site "?"]
[Date "1995.??.??"]
[Round "?"]
[White "Aldrich, Jeff"]
[Black "Calton, David A"]
[Result "0-1"]
[WhiteElo "1915"]
[BlackElo "1880"]
[PlyCount "56"]
[EventDate "1995.??.??"]

{2/(4)} 1. d4 g6 2. c4 Bg7 3. Nc3 d6 4. e4 Nc6 5. Nge2 e5 6. Be3 f5 7. f3 Nh6
8. d5 Ne7 9. Nc1 O-O 10. Nd3 b6 11. b4 a5 12. Be2 axb4 13. Nxb4 Bd7 14. O-O
fxe4 15. fxe4 Ra3 16. Qc1 Rxf1+ 17. Bxf1 Qa8 18. Nb5 Bxb5 19. cxb5 Ng4 20. Bd2
Ra7 21. Bg5 Qf8 22. Bxe7 Qxe7 23. Nc6 Qf7 24. Nxa7 Bh6 25. Qc2 Be3+ 26. Kh1
Nf2+ 27. Kg1 Nd1+ 28. Kh1 Qxf1# 0-1

[Event "Grand Rapids (MI Am/5/5)"]
[Site "?"]
[Date "1995.??.??"]
[Round "?"]
[White "Aldrich, Jeff"]
[Black "Brooks, Brion"]
[Result "0-1"]
[WhiteElo "1935"]
[BlackElo "1730"]
[PlyCount "76"]
[EventDate "1995.??.??"]

{5/(5)} 1. d4 Nf6 2. c4 e6 3. Nc3 Bb4 4. Qc2 O-O 5. Nf3 b6 6. Bg5 Bb7 7. a3 Be7
8. e3 d6 9. Bd3 Nbd7 10. Rd1 Re8 11. b4 Nf8 12. e4 d5 13. e5 dxc4 14. Bxc4 Nd5
15. Bxe7 Rxe7 16. Ne4 a6 17. O-O Rd7 18. Rfe1 Ng6 19. g3 Nge7 20. Neg5 g6 21.
Qe4 h6 22. Nh3 Nc3 23. Qf4 Nxd1 24. Rxd1 Bxf3 25. Qxf3 b5 26. Ba2 Rc8 27. Qf4
c6 28. g4 g5 29. Qe3 Nd5 30. Bxd5 cxd5 31. f4 gxf4 32. Nxf4 Qg5 33. Qf3 Rdc7
34. Nh5 Rc3 35. Nf6+ Kh8 36. Rd3 Rxd3 37. Qxd3 Qc1+ 38. Kf2 Rc2+ 0-1

[Event "Detroit (MI Action/3/15)"]
[Site "?"]
[Date "1995.??.??"]
[Round "?"]
[White "Akinlua, T."]
[Black "Martell, Raul"]
[Result "0-1"]
[WhiteElo "1605"]
[BlackElo "1605"]
[PlyCount "110"]
[EventDate "1995.??.??"]

{3/(15)} 1. e4 e5 2. Nf3 Nc6 3. Bc4 Bc5 4. Ng1 Qf6 5. Nf3 Nd4 6. O-O Nxf3+ 7.
Qxf3 Qxf3 8. gxf3 d6 9. Nc3 Bh3 10. Re1 c6 11. d3 Ne7 12. f4 Ng6 13. f5 Nh4 14.
Bg5 Nf3+ 15. Kh1 Nxg5 16. Rg1 f6 17. Rg3 Bxf2 18. Rf1 Bxf1 19. Rg4 Be2 20. Nxe2
Nf3 21. Rxg7 O-O-O 22. Be6+ Kb8 23. c4 Ng5 24. Bd7 h5 25. b4 Rh7 26. Rxh7 Nxh7
27. b5 Rxd7 28. bxc6 bxc6 29. Nc3 Rg7 30. Ne2 Ng5 31. Kg2 Nxe4+ 32. Kf3 Nc5 33.
Kxf2 Nxd3+ 34. Ke3 Nc5 35. Ng3 Rg5 36. a4 Nxa4 37. h4 Rxg3+ 38. Kf2 Rg4 39. c5
Nxc5 40. Kf3 Kb7 41. Ke3 Rg3+ 42. Kf2 Ra3 43. Ke2 Kb6 44. Kf2 Kb5 45. Ke2 Kc4
46. Kf2 Kd4 47. Ke2 a6 48. Kf2 Ke4 49. Ke2 Ra2+ 50. Kd1 Kd3 51. Ke1 a5 52. Kf1
Ke3 53. Kg1 Kf3 54. Kh1 Kg3 55. Kg1 Ra1# 0-1

[Event "Detroit (MI Action/5/21)"]
[Site "?"]
[Date "1995.??.??"]
[Round "?"]
[White "Akinlua, T."]
[Black "Horne, Terese"]
[Result "1-0"]
[WhiteElo "1605"]
[BlackElo "1605"]
[PlyCount "59"]
[EventDate "1995.??.??"]

{5/(21)} 1. e4 e6 2. Nf3 Nc6 3. g3 Nf6 4. Bg2 Bc5 5. d4 Bb4+ 6. c3 Ba5 7. b4
Bb6 8. e5 Ne4 9. Qe2 Nxc3 10. Nxc3 Qe7 11. b5 Qb4 12. Bd2 Nxd4 13. Nxd4 Qxd4
14. O-O O-O 15. Ne4 Qxe5 16. Bc3 Qf5 17. Bh3 Qxh3 18. Qd3 f6 19. Rfe1 f5 20.
Ng5 Qh5 21. Nf3 e5 22. Rxe5 Rf6 23. Rae1 Rh6 24. Re8+ Kf7 25. Qc4+ Kg6 26. Bd4
d6 27. Bxb6 f4 28. Qxf4 Bg4 29. Rxa8 Bxf3 30. Re6# 1-0

[Event "East Lansing (Class DE/4/21)"]
[Site "?"]
[Date "1995.??.??"]
[Round "?"]
[White "Adamson, R."]
[Black "Timberlake, B."]
[Result "0-1"]
[WhiteElo "1605"]
[BlackElo "1605"]
[PlyCount "114"]
[EventDate "1995.??.??"]

{4/(21)} 1. e4 e5 2. Nf3 d6 3. d4 a6 4. Nc3 c6 5. Bc4 Qf6 6. Bg5 Qg6 7. dxe5 h6
8. Bh4 b5 9. exd6 bxc4 10. Ne5 Qxg2 11. Rf1 Qxh2 12. Bg3 Qh3 13. Qd4 Qe6 14.
O-O-O Bxd6 15. Nxc6 Nxc6 16. Qxg7 Qf6 17. Qxf6 Nxf6 18. Rxd6 Nh5 19. Rxc6 Nxg3
20. fxg3 Be6 21. Re1 Kd7 22. Rb6 Ra7 23. Na4 Rc8 24. Rd1+ Ke8 25. Rh1 Rd8 26.
Rxh6 Ke7 27. Rh7 Rg8 28. Nc5 Kf6 29. Nxe6 Rxg3 30. Nf4+ Ke5 31. Ne2 Rf3 32.
Rh5+ Kxe4 33. Rd6 Re7 34. Rd4+ Ke3 35. Rh3 Rxh3 36. c3 Rh1+ 37. Kc2 Kxe2 38.
Rxc4 f5 39. Ra4 Re6 40. Rd4 Ke3 41. b4 f4 42. a4 f3 43. Rd3+ Kf4 44. Rd2 Rh7
45. c4 Re4 46. Kc3 Re3+ 47. Kd4 Rd7+ 48. Kc5 Rxd2 49. b5 Re5+ 50. Kb6 Rd6+ 51.
Ka5 f2 52. Kb4 f1=Q 53. a5 axb5 54. cxb5 Qxb5+ 55. Ka3 Rd3+ 56. Ka2 Qb3+ 57.
Ka1 Rd1# 0-1

[Event "East Lansing (Class DE/3/21)"]
[Site "?"]
[Date "1995.??.??"]
[Round "?"]
[White "Adamson, R."]
[Black "Roberts, Andy"]
[Result "0-1"]
[WhiteElo "1605"]
[BlackElo "1605"]
[PlyCount "46"]
[EventDate "1995.??.??"]

{3/(21)} 1. e4 e5 2. Nf3 Nc6 3. Nc3 Bc5 4. d4 Bxd4 5. Nxd4 Nxd4 6. Bc4 d6 7.
Ne2 Bg4 8. Nxd4 Bxd1 9. Kxd1 exd4 10. Bf4 Nf6 11. Re1 O-O 12. e5 dxe5 13. Rxe5
Re8 14. Rf5 h6 15. a4 Qe7 16. Kd2 Qe4 17. Bd3 Qxg2 18. Bxh6 gxh6 19. Rxf6 Qg5+
20. Kd1 Qxf6 21. c3 Qxf2 22. Kc1 Qe1+ 23. Kc2 Qxa1 0-1

[Event "East Lansing (Beg/3/5)"]
[Site "?"]
[Date "1995.??.??"]
[Round "?"]
[White "Abulhassen, B."]
[Black "Paul, Dennis"]
[Result "0-1"]
[WhiteElo "1605"]
[BlackElo "1605"]
[PlyCount "98"]
[EventDate "1995.??.??"]

{3/(5)} 1. d3 e6 2. Nd2 c5 3. Ngf3 d5 4. g3 Bd6 5. Bg2 Ne7 6. O-O O-O 7. b3
Nbc6 8. c4 Be5 9. Nxe5 Nxe5 10. cxd5 Nxd5 11. Bb2 Ng4 12. Nf3 b5 13. d4 c4 14.
e4 Nb4 15. d5 Nd3 16. Rb1 Qb6 17. Qc2 exd5 18. Bd4 Qg6 19. exd5 Ngxf2 20. Bxf2
Nxf2 21. Qxf2 c3 22. Rbc1 b4 23. d6 Qxd6 24. Nd4 Rb8 25. Rfd1 Qc5 26. Nc6 Qxf2+
27. Kxf2 Rb7 28. Re1 Be6 29. Nd4 Rd7 30. Nxe6 fxe6+ 31. Kg1 Rd2 32. Be4 a5 33.
a4 bxa3 34. Rxc3 Rfd8 35. Bc2 Rf8 36. Rd1 Rff2 37. Rc1 a2 38. Bd1 Rb2 39. Ra1
Rfd2 40. Rcc1 e5 41. Kf1 e4 42. Ke1 e3 43. Bc2 Rdxc2 44. Rxc2 Rxc2 45. h4 Rb2
46. Kd1 Rb1+ 47. Kc2 Rxa1 48. Kb2 Rb1+ 49. Kxa2 Rd1 0-1

[Event "East Lansing (Beg/5/7)"]
[Site "?"]
[Date "1995.??.??"]
[Round "?"]
[White "Abulhassan, B."]
[Black "Hogarth, Frank"]
[Result "1-0"]
[WhiteElo "1605"]
[BlackElo "1605"]
[PlyCount "79"]
[EventDate "1995.??.??"]

{5/(7)} 1. d3 e5 2. Nd2 Nf6 3. Ngf3 Bc5 4. Nxe5 d6 5. Nef3 Ng4 6. e3 Qe7 7. Nc4
d5 8. h3 Nf6 9. Nce5 O-O 10. d4 Ne4 11. dxc5 c6 12. b4 Na6 13. b5 Naxc5 14.
bxc6 b6 15. Qxd5 Be6 16. Qd4 Rad8 17. Qb2 Qd6 18. Be2 Qd5 19. O-O Qd6 20. Rd1
Qe7 21. Rxd8 Rxd8 22. Nd4 f6 23. Nxe6 Nxe6 24. Nd7 N6g5 25. Qb3+ Nf7 26. Bc4
Nc5 27. Bxf7+ Kh8 28. Nxc5 Qxc5 29. Ba3 Qxc6 30. Rc1 Qd7 31. c3 Rf8 32. Bxf8
Qd8 33. Ba3 a6 34. Rd1 Qb8 35. Be7 h6 36. Rd8+ Qxd8 37. Bxd8 b5 38. Bg6 h5 39.
Qf7 h4 40. Qf8# 1-0

[Event "East Lansing (Beg/1/1)"]
[Site "?"]
[Date "1995.??.??"]
[Round "?"]
[White "Abulhassan, B."]
[Black "Assem, N."]
[Result "0-1"]
[WhiteElo "1605"]
[BlackElo "1605"]
[PlyCount "88"]
[EventDate "1995.??.??"]

{1/(1)} 1. d3 e5 2. Nf3 Nc6 3. g3 Be7 4. Bg2 Nf6 5. Nbd2 O-O 6. O-O d6 7. b3 h6
8. Bb2 Nh7 9. Nc4 f5 10. d4 e4 11. Nfd2 Bf6 12. c3 d5 13. Ne3 Be6 14. Rb1 Qd7
15. c4 Bxd4 16. cxd5 Bxd5 17. Ndc4 Be6 18. Nc2 Bxb2 19. Qxd7 Bxd7 20. Rxb2 Rad8
21. N2e3 Be6 22. Bh3 Ng5 23. Bg2 Nf7 24. h4 Rd7 25. Bh3 Nd6 26. Nxd6 Rxd6 27.
f3 f4 28. Bxe6+ Rxe6 29. gxf4 Rxf4 30. Ng2 Rf7 31. Rd2 exf3 32. Rxf3 Rxf3 33.
exf3 Ne5 34. Rf2 Kf7 35. Ne3 Nd3 36. Re2 Nf4 37. Re1 Kg6 38. Kf2 Nd3+ 39. Kg1
Nxe1 40. Kf2 Nd3+ 41. Ke2 Nc1+ 42. Kd2 Nxa2 43. Nd5 Rd6 44. Ke3 Rxd5 0-1

[Event "Troy (TCC Beg/1/6)"]
[Site "?"]
[Date "1995.??.??"]
[Round "?"]
[White "Abdul-Mujeeb, N."]
[Black "Sharper, D."]
[Result "0-1"]
[WhiteElo "1605"]
[BlackElo "1605"]
[PlyCount "61"]
[EventDate "1995.??.??"]

{1/(6)} 1. d4 Nf6 2. c4 g6 3. Nc3 d5 4. Bg5 Ne4 5. Bd2 Nxd2 6. Qxd2 c6 7. Nf3
Bg7 8. e3 O-O 9. Bd3 dxc4 10. Bxc4 Nd7 11. O-O Nf6 12. h3 Qc7 13. Rfe1 Rd8 14.
Qc2 b5 15. Bb3 Qb6 16. Ne2 Bf5 17. Qc5 Qxc5 18. dxc5 Ne4 19. g4 Bd7 20. Rab1
Nxc5 21. Bc2 Be8 22. b4 Ne6 23. Be4 Rd6 24. Rbc1 a5 25. bxa5 Rxa5 26. Rc2 Ra4
27. Ng3 c5 28. Rb1 c4 29. Ne1 Nc5 30. Bg2 Be5 31. Nd3 0-1

[Event "Troy (TCC Beg/4/4)"]
[Site "?"]
[Date "1995.??.??"]
[Round "?"]
[White "Abdul-Mujeeb, N."]
[Black "Chia, L."]
[Result "1-0"]
[WhiteElo "1605"]
[BlackElo "1605"]
[PlyCount "107"]
[EventDate "1995.??.??"]

{4/(4)} 1. d4 Nf6 2. c4 e6 3. Nc3 Bb4 4. a3 Bxc3+ 5. bxc3 O-O 6. Bg5 b6 7. e4
h6 8. Bxf6 Qxf6 9. e5 Qg5 10. Nh3 Qe7 11. Bd3 Bb7 12. O-O d6 13. Qe2 Nd7 14. f4
c5 15. a4 a5 16. Rad1 f6 17. Be4 d5 18. cxd5 exd5 19. Bd3 c4 20. exf6 Qxf6 21.
Bb1 Rae8 22. Qg4 Qd6 23. Rfe1 Re7 24. Rxe7 Qxe7 25. Qg6 Rf6 26. Qh7+ Kf8 27.
Kf2 Re6 28. Bg6 Qh4+ 29. Kf3 Qf6 30. f5 Ke7 31. Qg8 Nf8 32. Kg3 Nxg6 33. Qxe6+
Qxe6 34. fxe6 Kxe6 35. Nf4+ Nxf4 36. Kxf4 Bc6 37. Rb1 Bxa4 38. Rxb6+ Kf7 39.
Ra6 Bd7 40. Rxa5 Be6 41. Ke5 Ke7 42. Ra7+ Bd7 43. Kxd5 g5 44. Kxc4 g4 45. Rxd7+
Kxd7 46. Kd5 h5 47. c4 Kc7 48. c5 Kd7 49. Ke5 h4 50. Kf4 g3 51. h3 Kc6 52. Kg4
Kd5 53. Kxh4 Kxd4 54. c6 1-0

[Event "Troy (TCC Beg/2/2)"]
[Site "?"]
[Date "1995.??.??"]
[Round "?"]
[White "Abdul, A."]
[Black "Wright, A."]
[Result "1-0"]
[WhiteElo "1605"]
[BlackElo "1605"]
[PlyCount "123"]
[EventDate "1995.??.??"]

{2/(2)} 1. e4 e5 2. Nf3 Bd6 3. Bc4 Nc6 4. d4 Qf6 5. Bg5 Qg6 6. O-O Nge7 7. d5
Nd4 8. Nbd2 b5 9. Bd3 c6 10. Be3 c5 11. c3 c4 12. Bc2 Nxc2 13. Qxc2 O-O 14. b3
f5 15. Nh4 Qg4 16. Nhf3 fxe4 17. h3 Qh5 18. Qxe4 Bb7 19. Rad1 Rab8 20. Ng5 cxb3
21. Ndf3 Nxd5 22. Rxd5 bxa2 23. g4 Qg6 24. Qxg6 hxg6 25. Rxd6 Bxf3 26. Nxf3
Rxf3 27. Kg2 Rf6 28. Rxf6 gxf6 29. Ra1 Rc8 30. Bd2 a5 31. Rxa2 a4 32. Ra3 d5
33. Kf3 g5 34. Be3 Kf7 35. Kg2 Rc4 36. Kf3 Ke6 37. Ke2 d4 38. cxd4 e4 39. Kd2
f5 40. gxf5+ Kxf5 41. Ra2 Kg6 42. Rc2 Rb4 43. Kc3 Rb3+ 44. Kd2 a3 45. Rc6+ Kf5
46. Rc5+ Ke6 47. Kc2 Rb2+ 48. Kc1 b4 49. Rxg5 Ra2 50. Rb5 Ra1+ 51. Kc2 Ra2+ 52.
Kb3 Ra1 53. Rxb4 a2 54. Ra4 Kd5 55. Ra5+ Kc6 56. Rxa2 Rb1+ 57. Rb2 Rh1 58. Rc2+
Kd5 59. Rc5+ Kd6 60. Ra5 Rb1+ 61. Kc2 Rb8 62. Bf4+ 1-0

[Event "Troy (TCC Beg/3/1)"]
[Site "?"]
[Date "1995.??.??"]
[Round "?"]
[White "Abdul, A."]
[Black "Sharper, D."]
[Result "0-1"]
[WhiteElo "1605"]
[BlackElo "1605"]
[PlyCount "72"]
[EventDate "1995.??.??"]

{3/(1)} 1. c4 e5 2. Nc3 Nf6 3. e4 Bb4 4. Qc2 O-O 5. Be2 b6 6. Nd5 Bc5 7. Nf3
Nc6 8. O-O Re8 9. Rb1 a5 10. d3 h6 11. Bd2 Nb4 12. Nxb4 axb4 13. b3 Bb7 14. Be3
c6 15. Qd2 d5 16. Bxc5 bxc5 17. Rb2 dxe4 18. dxe4 Nxe4 19. Qxd8 Raxd8 20. Bd1
Nc3 21. Bc2 e4 22. Nh4 Bc8 23. Re1 g5 24. f3 gxh4 25. fxe4 Re5 26. Kf2 Bg4 27.
Bb1 Nd1+ 28. Rxd1 Rxd1 29. Ke3 Bh5 30. Bd3 Bg6 31. Rf2 Bxe4 32. Kf4 Rf5+ 33.
Ke3 Rxf2 34. Kxf2 Rxd3 35. g3 hxg3+ 36. hxg3 Rf3+ 0-1

[Event "Troy (TCC Beg/5/3)"]
[Site "?"]
[Date "1995.??.??"]
[Round "?"]
[White "Abdul, A."]
[Black "Abdul-Mujeeb, N."]
[Result "1-0"]
[WhiteElo "1605"]
[BlackElo "1605"]
[PlyCount "96"]
[EventDate "1995.??.??"]

{5/(3)} 1. e4 c5 2. Bb5 a6 3. Be2 Nf6 4. e5 Nd5 5. Bc4 Nb6 6. Be2 e6 7. Nf3 Nc6
8. c3 Qc7 9. d4 cxd4 10. cxd4 d6 11. exd6 Qxd6 12. O-O g6 13. Nc3 Bg7 14. Be3
O-O 15. Qd2 Rd8 16. Rfd1 Nd5 17. Ne4 Qb4 18. a3 Qxd2 19. Rxd2 Nxe3 20. fxe3 b6
21. Rad1 Ne7 22. g4 Bb7 23. Nc3 Bh6 24. g5 Bg7 25. Kf2 Rf8 26. h4 Rab8 27. Rh1
Rfd8 28. Rhd1 Nf5 29. e4 Nd6 30. e5 Bxf3 31. Kxf3 Nf5 32. Bxa6 Nxh4+ 33. Kf2 h6
34. Ne4 hxg5 35. Be2 Bh6 36. Nf6+ Kg7 37. Bg4 Nf5 38. d5 Nd6 39. dxe6 Ne4+ 40.
Nxe4 Rxd2+ 41. Rxd2 fxe6 42. Rd7+ Kh8 43. Nf6 Bg7 44. Bxe6 Rf8 45. Bf7 Bxf6 46.
exf6 Kh7 47. Kg3 Kh6 48. Kg4 Rc8 1-0

[Event "Lansing January Mini-Swiss.1"]
[Site "?"]
[Date "1995.01.08"]
[Round "1"]
[White "Fuller, William"]
[Black "Aldrich, Jeff"]
[Result "1-0"]
[WhiteElo "2003"]
[BlackElo "1919"]
[PlyCount "89"]
[EventDate "1995.??.??"]

1. e4 c6 2. d4 d5 3. e5 Bf5 4. Nf3 e6 5. Bd3 Ne7 6. Nc3 Nd7 7. Ne2 c5 8. dxc5
Nxc5 9. Bb5+ Nd7 10. Ned4 a6 11. Nxf5 Nxf5 12. Bd3 Nh4 13. O-O Nxf3+ 14. Qxf3
Nxe5 15. Qg3 Nxd3 16. cxd3 Rc8 17. Bf4 Qd7 18. Rac1 Rc6 19. Rfe1 Rg8 20. a3 Be7
21. d4 Bf6 22. Rxc6 bxc6 23. Qd3 Ke7 24. Bd2 Qc8 25. Bb4+ Kd7 26. Bc5 h6 27. f4
Be7 28. f5 Bxc5 29. fxe6+ fxe6 30. dxc5 Re8 31. Qg3 Re7 32. Qd6+ Ke8 33. Re3
Qd7 34. Qg3 Qb7 35. Rb3 Qa7 36. Rb8+ Kf7 37. b4 a5 38. h4 axb4 39. Qf3+ Kg6 40.
h5+ Kg5 41. Rxb4 Qxc5+ 42. Kh2 d4 43. Qe4 Qd6+ 44. Kh3 e5 45. Qg4+ 1-0